000 00867nam a2200229Ii 4500
003 JO-AjNU
008 230605s9999||||xx |||||||||||||| ||und||
017 _a2004/9/2278
020 _a9957-11-570-7
040 _aJO-AjNU
_bara
_erda
_cJO-AjNU
041 _aara
050 1 4 _aBF723.E9.D54.2005
100 3 _aالداهري،صالح حسن أحمد,
_eauthor
_931404
245 0 0 _aسيكولوجية رعاية الموهوبين والمتميزين وذوي الإحتياجات الخاصة :الأساليب والنظريات
250 _aط1
264 3 1 _aعمان:دار وائل للنشر والتوزيع ، 2005
300 _a483ص
336 _atext
_btxt
_2rdacontent
337 _aunmediated
_bn
_2rdamedia
338 _avolume
_bnc
_2rdacarrier
650 4 _aسيكولوجية الطفولة-رعاية الاطفال-نمو الطفل
_931405
999 _aA12558
_c16126
_d16126